| 000 | 00865nas a2200289 4500 | ||
|---|---|---|---|
| 001 | BR0505449 | ||
| 003 | BR-BrBNA | ||
| 005 | 20231205105723.0 | ||
| 007 | ta | ||
| 008 | 230509b bl.|||p| |||| 00| 00por d | ||
| 040 |
_aBR-BrBNA _bpor _cBiblioteca Nacional de Agricultura |
||
| 041 | _a(Pt) | ||
| 072 | _aL70 | ||
| 100 | 1 | _aTenorio, A.C. | |
| 100 | 1 | _aSilva, F. da | |
| 100 | 1 | _aRamos, T.R.R. | |
| 100 | 1 | _aNunes, K.B. | |
| 245 | 1 | _aPrevalência da brucelose bovina em rebanhos leiteiros da microrregião de Batalha, AL, Brasil | |
| 650 | _aGADO LEITEIRO | ||
| 650 | _aBRUCELOSE | ||
| 650 | _aBRUCELLA | ||
| 650 | _aDIAGNÓSTICO | ||
| 650 | _aALAGOAS | ||
| 773 | 0 |
_tCiência Veterinária nos Trópicos (Brazil) _xISSN 1415-6326 _g(May-Dec 2004), v. 7(2-3) p. 106-111 _wBR0505449 |
|
| 909 |
_a202311 _bLúcia _c55 _dLúcia Elande |
||
| 942 |
_2AGRIS _n0 _cANA |
||
| 999 |
_c184335 _d184335 |
||